[Event "Novy Bor op"]
[Site "Novy Bor"]
[Date "2010.02.19"]
[Round "8"]
[White "Ter Karapetian, Alexi"]
[Black "Jakovlev, Juri"]
[Result "1/2-1/2"]
[WhiteElo "2178"]
[BlackElo "2113"]
[PlyCount "23"]
[EventDate "2010.02.13"]
[EventType "swiss"]
[EventRounds "9"]
[EventCountry "CZE"]
[SourceTitle "CBM 134 Extra"]
[Source "ChessBase"]
[SourceDate "2010.03.03"]
[SourceVersion "1"]
[SourceVersionDate "2010.03.03"]
[SourceQuality "1"]

1. Nf3 Nf6 2. c4 c6 3. d4 d5 4. cxd5 cxd5 5. Nc3 Nc6 6. Bf4 Bf5 7. e3 a6 8. Bd3 Bxd3 9. Qxd3 e6 10. 0-0 Be7 11. h3 0-0 12. Rfc1 1/2-1/2

[Event "Novy Bor op"]
[Site "Novy Bor"]
[Date "2010.02.18"]
[Round "7"]
[White "Oresky, Jan"]
[Black "Ter Karapetian, Alexi"]
[Result "1/2-1/2"]
[WhiteElo "2144"]
[BlackElo "2178"]
[PlyCount "48"]
[EventDate "2010.02.13"]
[EventType "swiss"]
[EventRounds "9"]
[EventCountry "CZE"]
[SourceTitle "CBM 134 Extra"]
[Source "ChessBase"]
[SourceDate "2010.03.03"]
[SourceVersion "1"]
[SourceVersionDate "2010.03.03"]
[SourceQuality "1"]

1. e4 c5 2. Nf3 d6 3. d4 cxd4 4. Nxd4 Nf6 5. Nc3 a6 6. Be3 e5 7. Nb3 Be6 8. f3 Nbd7 9. Qd2 Be7 10. 0-0-0 0-0 11. g4 b5 12. Rg1 Nb6 13. g5 Nh5 14. Na5 Qc7 15. Nd5 Nxd5 16. exd5 Bxd5 17. Qxd5 Qxa5 18. Bh3 Qc7 19. Bg4 Nf4 20. Bxf4 exf4 21. Rge1 Ra7 22. h4 Qc5 23. Re4 Rc7 24. Rxf4 Rd8 1/2-1/2

[Event "Novy Bor op"]
[Site "Novy Bor"]
[Date "2010.02.16"]
[Round "5"]
[White "Jinova, Lucie"]
[Black "Ter Karapetian, Alexi"]
[Result "1-0"]
[WhiteElo "2149"]
[BlackElo "2178"]
[PlyCount "57"]
[EventDate "2010.02.13"]
[EventType "swiss"]
[EventRounds "9"]
[EventCountry "CZE"]
[SourceTitle "CBM 134 Extra"]
[Source "ChessBase"]
[SourceDate "2010.03.03"]
[SourceVersion "1"]
[SourceVersionDate "2010.03.03"]
[SourceQuality "1"]

1. e4 c5 2. c3 Nf6 3. e5 Nd5 4. d4 cxd4 5. Nf3 Nc6 6. cxd4 d6 7. exd6 e6 8. Nc3 Bxd6 9. Bd3 Be7 10. 0-0 0-0 11. a3 Nf6 12. Bc2 b6 13. Qd3 Bb7 14. Re1 g6 15. Bh6 Re8 16. Rad1 a6 17. h4 b5 18. h5 Nxh5 19. d5 Na5 20. d6 Bf6 21. d7 Re7 22. g4 Nc4 23. Ne4 Nxb2 24. Nxf6+ Nxf6 25. Qd4 e5 26. Nxe5 Nxd1 27. Rxd1 Nd5 28. Bb3 Qc7 29. Nxg6 1-0

[Event "Novy Bor op"]
[Site "Novy Bor"]
[Date "2010.02.15"]
[Round "3"]
[White "Karlik, Vladimir"]
[Black "Ter Karapetian, Alexi"]
[Result "1/2-1/2"]
[WhiteElo "2248"]
[BlackElo "2178"]
[PlyCount "35"]
[EventDate "2010.02.13"]
[EventType "swiss"]
[EventRounds "9"]
[EventCountry "CZE"]
[SourceTitle "CBM 134 Extra"]
[Source "ChessBase"]
[SourceDate "2010.03.03"]
[SourceVersion "1"]
[SourceVersionDate "2010.03.03"]
[SourceQuality "1"]

1. d4 d5 2. Bf4 Nf6 3. e3 e6 4. Nd2 Bd6 5. Bg3 c5 6. c3 Nc6 7. Ngf3 Bxg3 8. hxg3 Qd6 9. Bb5 Bd7 10. Qa4 cxd4 11. Bxc6 Bxc6 12. Qxd4 Qc7 13. g4 Qb6 14. Qxb6 axb6 15. Ne5 Ke7 16. a3 Nd7 17. Nxd7 Bxd7 18. g5 1/2-1/2

[Event "Novy Bor op"]
[Site "Novy Bor"]
[Date "2010.02.15"]
[Round "4"]
[White "Ter Karapetian, Alexi"]
[Black "Loktiev, Ivan"]
[Result "1/2-1/2"]
[WhiteElo "2178"]
[BlackElo "2243"]
[PlyCount "51"]
[EventDate "2010.02.13"]
[EventType "swiss"]
[EventRounds "9"]
[EventCountry "CZE"]
[SourceTitle "CBM 134 Extra"]
[Source "ChessBase"]
[SourceDate "2010.03.03"]
[SourceVersion "1"]
[SourceVersionDate "2010.03.03"]
[SourceQuality "1"]

1. Nf3 Nf6 2. d4 e6 3. c4 Bb4+ 4. Nbd2 0-0 5. e3 d5 6. a3 Be7 7. Bd3 c5 8. dxc5 Bxc5 9. b4 Be7 10. Bb2 b6 11. 0-0 Bb7 12. Rc1 Nbd7 13. Bb1 Rc8 14. cxd5 Nxd5 15. Ne4 Rxc1 16. Qxc1 Ba6 17. Re1 N7f6 18. Nc3 Qc7 19. Qc2 Nxc3 20. Bxc3 Rc8 21. Rc1 Bb7 22. Bd4 Qd8 23. Qb2 Rxc1+ 24. Qxc1 Bxf3 25. Bxf6 Bxf6 26. gxf3 1/2-1/2

[Event "Novy Bor op"]
[Site "Novy Bor"]
[Date "2010.02.14"]
[Round "2"]
[White "Ter Karapetian, Alexi"]
[Black "Kostlan, Jan"]
[Result "1-0"]
[WhiteElo "2178"]
[BlackElo "1939"]
[PlyCount "61"]
[EventDate "2010.02.13"]
[EventType "swiss"]
[EventRounds "9"]
[EventCountry "CZE"]
[SourceTitle "CBM 134 Extra"]
[Source "ChessBase"]
[SourceDate "2010.03.03"]
[SourceVersion "1"]
[SourceVersionDate "2010.03.03"]
[SourceQuality "1"]

1. Nf3 d5 2. d4 Nf6 3. c4 e6 4. Nc3 c6 5. e3 Nbd7 6. Bd3 Bd6 7. 0-0 0-0 8. e4 dxe4 9. Nxe4 Nxe4 10. Bxe4 Nf6 11. Bc2 h6 12. b3 Qc7 13. Bb2 b6 14. Re1 Bb7 15. Qd3 Rad8 16. d5 e5 17. Nxe5 cxd5 18. Ng4 Bxh2+ 19. Nxh2 dxc4 20. Qxc4 Qxc4 21. bxc4 Rd2 22. Rac1 Nh5 23. Nf1 Rd7 24. Bf5 Rc7 25. Be5 Rc5 26. g4 Re8 27. Bd6 Rxe1 28. Rxe1 Rxf5 29. gxf5 Nf6 30. Re7 Ba6 31. Ne3 1-0

[Event "Marianske Lazne op"]
[Site "Marianske Lazne"]
[Date "2010.01.17"]
[Round "2"]
[White "Hajek, Jaroslav"]
[Black "Ter Karapetian, Alexi"]
[Result "1/2-1/2"]
[WhiteElo "1946"]
[BlackElo "2178"]
[PlyCount "31"]
[EventDate "2010.01.16"]
[EventType "swiss"]
[EventRounds "9"]
[EventCountry "CZE"]
[SourceTitle "CBM 134 Extra"]
[Source "ChessBase"]
[SourceDate "2010.03.03"]
[SourceVersion "1"]
[SourceVersionDate "2010.03.03"]
[SourceQuality "1"]

1. e4 c5 2. Nf3 e6 3. d4 cxd4 4. Nxd4 Nf6 5. Nc3 d6 6. Bb5+ Nbd7 7. 0-0 a6 8. Bxd7+ Bxd7 9. Bg5 Be7 10. Qe2 0-0 11. e5 dxe5 12. Qxe5 Qb6 13. Nf5 exf5 14. Qxe7 Rfe8 15. Qa3 h6 16. Bxf6 1/2-1/2

[Event "Tbilisi Municipality Cup"]
[Site "Tbilisi"]
[Date "2009.06.18"]
[Round "4"]
[White "Jojua, Davit"]
[Black "Ter Karapetian, Alexi"]
[Result "1-0"]
[WhiteElo "2520"]
[BlackElo "2191"]
[PlyCount "79"]
[EventDate "2009.06.15"]
[EventType "swiss"]
[EventRounds "9"]
[EventCountry "GEO"]
[SourceTitle "CBM 130 Extra"]
[Source "ChessBase"]
[SourceDate "2009.07.02"]
[SourceVersion "2"]
[SourceVersionDate "2009.07.15"]
[SourceQuality "1"]

1. d4 d5 2. c4 c6 3. Nf3 Nf6 4. Nc3 e6 5. e3 Nbd7 6. Bd3 dxc4 7. Bxc4 b5 8. Bd3 a6 9. a4 b4 10. Ne4 c5 11. dxc5 Nxc5 12. Nxc5 Bxc5 13. Qe2 Qb6 14. 0-0 Bb7 15. e4 h6 16. a5 Qa7 17. Nd2 Rd8 18. Nb3 Be7 19. Be3 Qa8 20. Nc5 0-0 21. f3 Bc8 22. Rfc1 Ne8 23. Na4 Bd6 24. Nb6 Qb8 25. Nxc8 Rxc8 26. Rxc8 Qxc8 27. Bxa6 Qb8 28. g3 f5 29. exf5 exf5 30. Bf2 Nc7 31. Bc4+ Kh8 32. a6 Re8 33. Qd3 Be5 34. Qxf5 Bxb2 35. Bd3 Kg8 36. Qh7+ Kf7 37. Bg6+ Kf6 38. Bxe8 Qxe8 39. Ra5 Qe6 40. a7 1-0

[Event "Voronezh op-A"]
[Site "Voronezh"]
[Date "2006.06.20"]
[Round "8"]
[White "Ter Karapetian, Alexi"]
[Black "Chernov, Vladimir1111"]
[Result "1-0"]
[WhiteElo "2155"]
[BlackElo "2070"]
[PlyCount "75"]
[EventDate "2006.06.12"]
[EventType "swiss"]
[EventRounds "9"]
[EventCountry "RUS"]
[SourceTitle "CBM 112 Extra"]
[Source "ChessBase"]
[SourceDate "2006.07.14"]
[SourceVersion "1"]
[SourceVersionDate "2006.07.14"]
[SourceQuality "1"]

1. e4 c5 2. Nf3 Nc6 3. d4 cxd4 4. Nxd4 Nf6 5. Nc3 d6 6. Bg5 e6 7. Qd2 a6 8. 0-0-0 h6 9. Be3 Be7 10. f3 Nxd4 11. Bxd4 b5 12. Kb1 Bd7 13. Ne2 a5 14. Bxf6 gxf6 15. Nd4 Qb6 16. g4 b4 17. f4 a4 18. Bc4 Qc5 19. b3 Ra7 20. Rhe1 axb3 21. cxb3 0-0 22. Rc1 Qa5 23. Rc2 Rc8 24. Rb2 Bf8 25. f5 d5 26. exd5 exd5 27. Bd3 Rc3 28. h4 Bg7 29. Ne2 Qc5 30. Nxc3 bxc3 31. Qf2 d4 32. Rc2 Bc6 33. Bc4 Bf8 34. g5 fxg5 35. hxg5 hxg5 36. f6 Ra8 37. Bd3 Qd6 38. Qf5 1-0

[Event "Voronezh op-A"]
[Site "Voronezh"]
[Date "2006.06.18"]
[Round "6"]
[White "Ter Karapetian, Alexi"]
[Black "Filippov, Vladimir Mikhailovi"]
[Result "1-0"]
[WhiteElo "2155"]
[BlackElo "2105"]
[PlyCount "86"]
[EventDate "2006.06.12"]
[EventType "swiss"]
[EventRounds "9"]
[EventCountry "RUS"]
[SourceTitle "CBM 112 Extra"]
[Source "ChessBase"]
[SourceDate "2006.07.14"]
[SourceVersion "1"]
[SourceVersionDate "2006.07.14"]
[SourceQuality "1"]

1. e4 d6 2. d4 g6 3. Nc3 Bg7 4. Bg5 c6 5. Qd2 Qb6 6. 0-0-0 Nd7 7. f4 h6 8. Bh4 Qc7 9. Nf3 Nb6 10. h3 Bd7 11. g4 0-0-0 12. Bf2 Nf6 13. Kb1 Kb8 14. Qe1 Rc8 15. Rg1 Rhd8 16. f5 e5 17. dxe5 dxe5 18. Nxe5 Nxe4 19. Nxd7+ Qxd7 20. Rxd7 Nxc3+ 21. bxc3 Rxd7 22. Bxb6 axb6 23. Qg3+ Ka7 24. Bd3 Rcd8 25. Kb2 gxf5 26. gxf5 Bf6 27. Re1 Rd5 28. Re4 b5 29. Qe3+ b6 30. Qxh6 R8d6 31. Qe3 Rc5 32. Qf4 Bxc3+ 33. Kb1 Rcd5 34. Re7+ Rd7 35. Rxd7+ Rxd7 36. a3 f6 37. Qf3 Rd5 38. Be4 Rc5 39. Bxc6 b4 40. axb4 Bxb4 41. Qe4 Bc3 42. Qe7+ Ka6 43. Qb7+ Ka5 1-0